MARC

LEADER 00000nam a2200000Ia 4500
001 2227
003 BGR
005 20260324175214.0
008 160829s9999 xx 000 0 cat d
080 |a B-1-43 
100 |a Forcadell, Ma Josep  |9 20199 
245 |a Dibuix / Ma Josep Forcadell 
260 |a Barcelona :  |b Diputació de Barcelona. Escola d'Arts i Oficis, [1986] 
300 |a 69 f. :  |b  il. ;  |c 30 cm 
650 |a Dibuix  |x Ensenyament  |9 20200 
710 2 |a Escola d'Arts i Oficis (Barcelona, Catalunya)  |9 55874 
901 |a Arxiu 
942 |n 1  |2 udc  |c MON 
952 |0 0  |1 0  |4 0  |6 B143  |7 1  |9 41487  |a Arxiu  |b Arxiu  |d 2016-12-01  |l 0  |o B-1-43  |p 2227  |r 2016-12-01 00:00:00  |w 2016-12-01  |y ARXIU 
999 |c 43295  |d 43295